| 000 | 005220000a22001690004500 | ||
|---|---|---|---|
| 090 |
_aAR _b01056 |
||
| 245 | 1 | 0 | _aConvención sobre diversidad biológica: temas decisivos para Latinoamerica |
| 650 | 1 | 4 |
_aBiodiversidad _992204 |
| 650 | 1 | 4 |
_aConservación de biodiversidad _9345 |
| 650 | 1 | 4 |
_aConvenios internacionales _93879 |
| 041 | 0 | _aEspañol | |
| 700 | 1 |
_aRojas U., Martha _97873 |
|
| 700 | 1 |
_aMartinet, Carolina _994269 |
|
| 100 | 1 |
_aMcNeely, Jeffrey A. _989 |
|
| 942 | _cARTICULO | ||
| 773 | 1 |
_tPreprint _33 _q1-14 _d1995? |
|
| 999 |
_c10144 _d10144 |
||